[Event "FIDE TURNIR 2014"]
[Site "Ljubljana"]
[Date "2014.04.16"]
[Round "3.2"]
[White "Urh, Zala"]
[Black "Siraj, Anej"]
[Result "1-0"]
[WhiteElo "1570"]
[BlackElo "1427"]
[PlyCount "145"]
[EventDate "2014.04.16"]

1. e4 e5 2. Nf3 Nc6 3. Bc4 Nf6 4. d3 Bc5 5. c3 O-O 6. O-O d6 7. h3 h6 8. Be3
Bb6 9. Nbd2 Be6 10. Bb3 Na5 11. Bc2 Nc6 12. d4 exd4 13. cxd4 Nb4 14. a3 Nxc2
15. Qxc2 c6 16. Rac1 Rc8 17. Rfd1 Qe7 18. Nf1 Rfe8 19. Ng3 Bd7 20. Nd2 Kh8 21.
f3 Be6 22. Qd3 Red8 23. Nb3 Ng8 24. Bf2 Qg5 25. Nd2 d5 26. Qe3 Qg6 27. e5 Re8
28. f4 f6 29. Nf3 Re7 30. Nh4 Qe8 31. f5 Bf7 32. e6 Bh5 33. Nxh5 Qxh5 34. Ng6+
Kh7 35. Nxe7 Nxe7 36. g4 Qe8 37. Bg3 Qf8 38. b4 Ng8 39. Bf4 a5 40. Qb3 Ba7 41.
bxa5 Qe7 42. Rb1 Bb8 43. Bxb8 Rxb8 44. a6 Qc7 45. axb7 Rxb7 46. Qc3 Ra7 47. Kg2
Qf4 48. Qg3 Qe4+ 49. Qf3 Qc2+ 50. Kg1 Ra4 51. Qd3 Qa2 52. Rd2 Qxa3 53. Qxa3
Rxa3 54. Kg2 Rc3 55. Rb7 Ra3 56. e7 Ra8 57. Re2 Nxe7 58. Rbxe7 Ra4 59. Rd2 Rc4
60. Rc7 Kg8 61. Re2 Kh7 62. Ree7 Rxd4 63. Rxc6 Ra4 64. Rd6 Ra2+ 65. Kg3 Ra3+
66. Kh4 Kg8 67. Rd8+ Kh7 68. Rxd5 Kg8 69. Rd8+ Kh7 70. Rdd7 Kg8 71. Rxg7+ Kf8
72. Ra7 Rc3 73. Rgc7 1-0

[Event "FIDE TURNIR 2014"]
[Site "Ljubljana"]
[Date "2014.04.16"]
[Round "3.3"]
[White "Tisaj, Domen"]
[Black "Malkoc, Patrik"]
[Result "1-0"]
[WhiteElo "1588"]
[BlackElo "1189"]
[PlyCount "81"]
[EventDate "2014.04.16"]

1. d4 d5 2. Nf3 Bf5 3. c4 e6 4. Nc3 Nc6 5. a3 Nf6 6. Bg5 Be7 7. e3 Bg4 8. h3
Bh5 9. Qb3 Na5 10. Qb5+ c6 11. Qa4 a6 12. cxd5 b5 13. Qc2 cxd5 14. Ne5 Bg6 15.
Nxg6 hxg6 16. Bd3 Nc4 17. O-O O-O 18. Bxc4 dxc4 19. Rad1 Qc7 20. Bf4 Bd6 21.
Bxd6 Qxd6 22. e4 Qf4 23. Rfe1 Rad8 24. Qd2 Qxd2 25. Rxd2 Rd7 26. Red1 Nh5 27.
g3 Rfd8 28. Kg2 f6 29. f4 f5 30. e5 Kh7 31. h4 g5 32. hxg5 g6 33. d5 Ng7 34.
Kf2 Kg8 35. Ke3 Kf7 36. dxe6+ Nxe6 37. Rxd7+ Rxd7 38. Rxd7+ Ke8 39. Ra7 Nc5 40.
Kd4 Ne6+ 41. Kd5 1-0

[Event "FIDE TURNIR 2014"]
[Site "Ljubljana"]
[Date "2014.04.16"]
[Round "3.4"]
[White "Drobnic, Rok"]
[Black "Kaluza, Dominik"]
[Result "1-0"]
[WhiteElo "1196"]
[BlackElo "1564"]
[PlyCount "89"]
[EventDate "2014.04.16"]

1. e4 e6 2. d4 d5 3. exd5 exd5 4. Nf3 Nc6 5. Bb5 Bg4 6. O-O a6 7. Bxc6+ bxc6 8.
Re1+ Ne7 9. Qd3 Qd6 10. Qc3 Rb8 11. Ne5 Bd7 12. Qf3 Be6 13. b3 Qb4 14. c3 Qd6
15. Nd3 Ng6 16. Nf4 Be7 17. Nxe6 fxe6 18. Qg4 Nf8 19. Qxg7 Ng6 20. Ba3 Qd7 21.
Bxe7 Qxe7 22. Qxe7+ Kxe7 23. Nd2 Nf4 24. Re3 Rhg8 25. g3 Nh5 26. Rae1 Ng7 27.
Nf3 Rbe8 28. Ne5 Kd6 29. f4 Rgf8 30. Nf3 Rf6 31. Ng5 h6 32. Nf3 Nf5 33. R3e2
Kd7 34. Ne5+ Kd6 35. Nd3 Rg8 36. Kf2 Nh4 37. gxh4 Re8 38. Rg1 Ref8 39. Kf3 Kd7
40. Reg2 Kd6 41. Rg8 R8f7 42. R1g7 Rxg7 43. Rxg7 Rf8 44. Ne5 Rf6 45. Rd7# 1-0

[Event "FIDE TURNIR 2014"]
[Site "Ljubljana"]
[Date "2014.04.16"]
[Round "3.5"]
[White "Mlacnik, Janez"]
[Black "Straze, Matija"]
[Result "1-0"]
[WhiteElo "1866"]
[BlackElo "1604"]
[PlyCount "61"]
[EventDate "2014.04.16"]

1. e4 d6 2. d4 Nf6 3. Nc3 g6 4. Be2 Bg7 5. Be3 O-O 6. h4 h5 7. f3 Nbd7 8. Qd2
c6 9. O-O-O b5 10. Bh6 a5 11. Bxg7 Kxg7 12. e5 Ne8 13. g4 Rh8 14. gxh5 Rxh5 15.
f4 Rh6 16. Nf3 Nc7 17. h5 Qh8 18. Nh4 Ba6 19. f5 b4 20. Ne4 Bxe2 21. Qxe2 Rxh5
22. Qg4 Qh6+ 23. Kb1 dxe5 24. fxg6 e6 25. gxf7+ Kxf7 26. Nd6+ Ke7 27. Nhf5+
exf5 28. Nxf5+ Rxf5 29. Rxh6 Raf8 30. Rh7+ R8f7 31. Qxf5 1-0

[Event "FIDE TURNIR 2014"]
[Site "Ljubljana"]
[Date "2014.04.16"]
[Round "3.6"]
[White "Lavrih, Domen"]
[Black "Drobnic, Milan"]
[Result "0-1"]
[WhiteElo "1439"]
[BlackElo "1816"]
[PlyCount "66"]
[EventDate "2014.04.16"]

1. e4 e5 2. Nf3 Nc6 3. Nc3 Nf6 4. d4 exd4 5. Nd5 d6 6. Bc4 Ne5 7. Bg5 Be7 8.
Nxe5 dxe5 9. Nxf6+ Bxf6 10. Qf3 Qe7 11. Bd2 O-O 12. O-O c6 13. Kh1 Bg5 14. Bxg5
Qxg5 15. Rg1 Be6 16. Be2 f5 17. Bd3 Rae8 18. exf5 Bd5 19. Be4 Bxe4 20. Qxe4
Qxf5 21. Qxf5 Rxf5 22. f3 e4 23. Rge1 e3 24. Rad1 Rd5 25. Kg1 c5 26. c4 Rd6 27.
Rd3 Ra6 28. a3 Ra4 29. Rc1 e2 30. Kf2 Rxc4 31. Rb1 Rc2 32. Re1 Rxb2 33. Kg3 a5
0-1

[Event "FIDE TURNIR 2014"]
[Site "Ljubljana"]
[Date "2014.04.16"]
[Round "3.7"]
[White "Markosek, Maj"]
[Black "Pridigar, Lovro"]
[Result "1-0"]
[WhiteElo "1702"]
[BlackElo "1660"]
[PlyCount "37"]
[EventDate "2014.04.16"]

1. d4 Nf6 2. c4 c5 3. d5 b5 4. cxb5 a6 5. f3 Qa5+ 6. Bd2 Qxb5 7. Bc3 d6 8. Na3
Qb7 9. e4 Bd7 10. Bc4 Bc8 11. Bb3 Nbd7 12. Ba4 Qa7 13. Nc4 Qb8 14. Qd2 g6 15.
Na5 Bg7 16. Nc6 Qb7 17. Ne2 O-O 18. Nxe7+ Kh8 19. Bc6 1-0

[Event "FIDE TURNIR 2014"]
[Site "Ljubljana"]
[Date "2014.04.16"]
[Round "3.8"]
[White "Vertacnik, Viktor"]
[Black "Sketa, Mark"]
[Result "0-1"]
[WhiteElo "1600"]
[BlackElo "1660"]
[PlyCount "92"]
[EventDate "2014.04.16"]

1. e4 c5 2. c3 d5 3. exd5 Qxd5 4. d4 Nf6 5. Nf3 cxd4 6. cxd4 Bg4 7. Be2 e6 8.
Nc3 Bb4 9. O-O Bxc3 10. bxc3 O-O 11. Ne5 Bf5 12. Bf3 Be4 13. Bxe4 Nxe4 14. c4
Qd8 15. Qd3 f5 16. d5 exd5 17. Qxd5+ Qxd5 18. cxd5 Rd8 19. Rd1 Nc3 20. Bg5 Re8
21. Rd3 Ne4 22. Nf3 h6 23. Bf4 g5 24. Bxb8 Raxb8 25. Nd4 Nd6 26. Ne6 Rbc8 27.
Rh3 Nf7 28. Rb3 Nd6 29. Rh3 Nf7 30. Rb3 Re7 31. Kf1 Rc2 32. Ke1 Nd8 33. Re3
Nxe6 34. Rd1 Kf7 35. dxe6+ Rxe6 36. Rd7+ Kf6 37. Rxe6+ Kxe6 38. Rxb7 Rxa2 39.
Rh7 a5 40. Rxh6+ Ke5 41. Ra6 a4 42. Ra5+ Ke4 43. h3 a3 44. g3 Ra1+ 45. Kd2 a2
46. h4 Rf1 0-1

[Event "FIDE TURNIR 2014"]
[Site "Ljubljana"]
[Date "2014.04.16"]
[Round "3.9"]
[White "Unuk, Robert"]
[Black "Marn, Jan"]
[Result "1-0"]
[WhiteElo "1499"]
[BlackElo "1335"]
[PlyCount "65"]
[EventDate "2014.04.16"]

1. e4 e5 2. f4 exf4 3. Nf3 d5 4. exd5 Qxd5 5. Nc3 Qe6+ 6. Be2 Bd6 7. O-O Ne7 8.
Nb5 Nbc6 9. d4 a6 10. Nxd6+ Qxd6 11. c4 Nf5 12. d5 Ne5 13. Bxf4 Nxf3+ 14. Rxf3
Qb6+ 15. Kh1 O-O 16. Be5 Re8 17. Bc3 Ne3 18. Qd2 Ng4 19. Bd4 Qd6 20. Rg3 Nf6
21. Bd3 Nh5 22. Re3 Bd7 23. Rae1 g6 24. Be5 Qb6 25. b4 Rac8 26. c5 Qa7 27. Be2
Ng7 28. Qc3 Nf5 29. Re4 f6 30. g4 Ne7 31. Bxf6 Nxd5 32. Rxe8+ Rxe8 33. Bc4 1-0

[Event "FIDE TURNIR 2014"]
[Site "Ljubljana"]
[Date "2014.04.22"]
[Round "3.10"]
[White "Jelen, Miha"]
[Black "Vujic, Nikola"]
[Result "1-0"]
[WhiteElo "1533"]
[BlackElo "1500"]
[PlyCount "35"]
[EventDate "2014.04.16"]

1. e4 d5 2. exd5 Qxd5 3. Nc3 Qd8 4. d4 e6 5. Nf3 Nf6 6. Bg5 Be7 7. Bc4 h6 8.
Bh4 Nc6 9. O-O Nb4 10. Re1 Nbd5 11. Bxf6 Nxc3 12. Bxe7 Nxd1 13. Bxd8 Nxb2 14.
Bb3 Kxd8 15. Rab1 Nd3 16. cxd3 b6 17. Ne5 Rf8 18. d5 1-0

[Event "FIDE TURNIR 2014"]
[Site "Ljubljana"]
[Date "2014.04.16"]
[Round "3.11"]
[White "Subelj, Jan"]
[Black "Siraj, Vita"]
[Result "1-0"]
[WhiteElo "1611"]
[BlackElo "1639"]
[PlyCount "47"]
[EventDate "2014.04.16"]

1. e4 e5 2. Nf3 Nc6 3. d4 exd4 4. Bc4 Bc5 5. c3 dxc3 6. Bxf7+ Kxf7 7. Qd5+ Ke8
8. Qh5+ g6 9. Qxc5 cxb2 10. Bxb2 Nf6 11. Nc3 d6 12. Qe3 Ne5 13. Nxe5 dxe5 14.
Rd1 Qe7 15. Nd5 Nxd5 16. exd5 Rf8 17. Ba3 Qf6 18. Bxf8 Qxf8 19. Qxe5+ Kd8 20.
d6 Bd7 21. dxc7+ Kc8 22. O-O Qh6 23. Rc1 Qh4 24. Qh8+ 1-0

[Event "FIDE TURNIR 2014"]
[Site "Ljubljana"]
[Date "2014.04.16"]
[Round "3.12"]
[White "Kmetic, Val"]
[Black "Tisler, Janez"]
[Result "1-0"]
[WhiteElo "1470"]
[BlackElo "1589"]
[PlyCount "45"]
[EventDate "2014.04.16"]

1. e4 c5 2. c3 Nc6 3. d4 cxd4 4. cxd4 Qb6 5. Nf3 d6 6. Nc3 Bg4 7. Bb5 O-O-O 8.
Be3 Qa5 9. O-O a6 10. Be2 f6 11. Qb3 Qb4 12. Qd1 e6 13. a3 Qa5 14. h3 Bh5 15.
d5 Bxf3 16. Bxf3 Ne5 17. Rc1 Nxf3+ 18. gxf3 Kb8 19. Qd4 b6 20. b4 e5 21. Qd3
Qxa3 22. Ra1 Qb2 23. Qxa6 1-0

[Event "FIDE TURNIR 2014"]
[Site "Ljubljana"]
[Date "2014.04.16"]
[Round "3.13"]
[White "Bogataj, Tomaz"]
[Black "Kozarski, Aleksander"]
[Result "1-0"]
[WhiteElo "1697"]
[BlackElo "1557"]
[PlyCount "55"]
[EventDate "2014.04.16"]

1. d4 d5 2. e3 c5 3. Nf3 Nc6 4. dxc5 e5 5. Bb5 f6 6. Nc3 Be6 7. b4 a5 8. Ba3
axb4 9. Bxb4 Nge7 10. a3 g6 11. h4 h5 12. Nd2 Kf7 13. Nb3 Qc7 14. O-O Bg7 15.
f4 e4 16. Ne2 Bg4 17. Qd2 Rhd8 18. Ned4 f5 19. c3 Bf6 20. g3 Nxb4 21. axb4 Rxa1
22. Rxa1 Nc6 23. Bxc6 bxc6 24. Ra6 Bxd4 25. Nxd4 Qb7 26. Qa2 Kg8 27. Ra7 Qc8
28. Qa4 1-0

[Event "FIDE TURNIR 2014"]
[Site "Ljubljana"]
[Date "2014.04.16"]
[Round "3.14"]
[White "Malkoc, Tilen"]
[Black "Varga, Ivan"]
[Result "1-0"]
[WhiteElo "1410"]
[BlackElo "1461"]
[PlyCount "87"]
[EventDate "2014.04.16"]

1. d4 e6 2. e4 Nc6 3. Be2 e5 4. c3 exd4 5. cxd4 Be7 6. Nf3 h6 7. O-O g5 8. d5
Nb8 9. Nc3 a6 10. Be3 d6 11. Bd4 Nf6 12. e5 dxe5 13. Nxe5 h5 14. Qb3 Qd6 15.
Qa4+ Nbd7 16. Nb5 axb5 17. Qxa8 O-O 18. Nxd7 Bxd7 19. Qa3 b4 20. Qe3 Nxd5 21.
Qe5 f6 22. Qxd6 cxd6 23. Bf3 Nf4 24. Rfe1 Rf7 25. g3 Nh3+ 26. Kg2 g4 27. Bd5
Bc6 28. Bxc6 bxc6 29. b3 Kg7 30. f4 Kg6 31. Re6 Kf5 32. Rae1 Bd8 33. Rxd6 c5
34. Bxc5 Bc7 35. Rd5+ Kg6 36. Re7 Bxf4 37. Rxf7 Kxf7 38. Bxb4 Be5 39. a4 Ng5
40. a5 Ke6 41. Rd1 Nf3 42. a6 Nd4 43. a7 Nc6 44. a8=Q 1-0

[Event "FIDE TURNIR 2014"]
[Site "Ljubljana"]
[Date "2014.04.16"]
[Round "3.15"]
[White "Piciga, Aleksander"]
[Black "Jersic, Aleks"]
[Result "1-0"]
[WhiteElo "1392"]
[BlackElo "1538"]
[PlyCount "65"]
[EventDate "2014.04.16"]

1. e4 e5 2. Nf3 Nc6 3. Bb5 a6 4. Bxc6 dxc6 5. O-O Bg4 6. d3 Nf6 7. Bg5 h6 8.
Bh4 g5 9. Bg3 h5 10. Bxe5 Bd6 11. Bxd6 Qxd6 12. h3 O-O-O 13. hxg4 hxg4 14. e5
Qf8 15. Re1 Qh6 16. Kf1 gxf3 17. Qxf3 Nd5 18. g3 Nb4 19. Qg4+ Qe6 20. Qxb4 Rh1+
21. Ke2 Qxe5+ 22. Kd1 Re8 23. Rxh1 Qe2+ 24. Kc1 Qxf2 25. Qg4+ Kb8 26. Nc3 f5
27. Qxg5 b5 28. Qf4 Qg2 29. Rh7 Qg1+ 30. Nd1 Rc8 31. Qf2 Qxf2 32. Nxf2 Re8 33.
Kd2 1-0

[Event "FIDE TURNIR 2014"]
[Site "Ljubljana"]
[Date "2014.04.16"]
[Round "3.16"]
[White "Siraj, Svit"]
[Black "Koderman, Maj"]
[Result "0-1"]
[WhiteElo "1525"]
[BlackElo "1500"]
[PlyCount "86"]
[EventDate "2014.04.16"]

1. e4 e5 2. Nf3 Nc6 3. Bc4 Bc5 4. d3 h6 5. Be3 Bb6 6. O-O Nf6 7. Nc3 O-O 8. Bb5
d6 9. Nh4 Bd7 10. Bxc6 Bxc6 11. d4 Nxe4 12. Nxe4 Bxe4 13. f3 Qxh4 14. fxe4 Qxe4
15. Qf3 Qxc2 16. dxe5 Bxe3+ 17. Qxe3 Qxb2 18. Rfb1 Qxe5 19. Qxe5 dxe5 20. Rxb7
c5 21. Rc1 Rfc8 22. Rb5 e4 23. Rbxc5 Rxc5 24. Rxc5 Re8 25. Rc7 e3 26. Rc1 f5
27. g3 g5 28. Kg2 f4 29. gxf4 gxf4 30. Kf3 e2 31. Re1 Kg7 32. Kxf4 Kf6 33. Kf3
Kf5 34. Rxe2 Rxe2 35. Kxe2 Ke4 36. Ke1 Ke3 37. Kf1 Kf3 38. Kg1 a5 39. Kf1 a4
40. Kg1 a3 41. Kf1 Ke3 42. Ke1 h5 43. Kd1 Kf2 0-1

[Event "FIDE TURNIR 2014"]
[Site "Ljubljana"]
[Date "2014.04.16"]
[Round "3.17"]
[White "Vah, Denis"]
[Black "Paternoster, Darja"]
[Result "1-0"]
[WhiteElo "1500"]
[BlackElo "1513"]
[PlyCount "69"]
[EventDate "2014.04.16"]

1. e4 c5 2. Nf3 Nc6 3. d4 cxd4 4. Nxd4 g6 5. Be3 Bg7 6. Nc3 d6 7. Qd2 Nf6 8.
O-O-O O-O 9. Bh6 Ng4 10. Bxg7 Kxg7 11. h3 Nf6 12. f4 e6 13. g4 a5 14. Kb1 Rb8
15. Bb5 Bd7 16. Rhe1 Re8 17. Ka1 Re7 18. e5 dxe5 19. fxe5 Nxe5 20. Rxe5 Bxb5
21. Ncxb5 Rc8 22. Na7 Rcc7 23. Nxe6+ Rxe6 24. Qxd8 Rxc2 25. Rxe6 fxe6 26. Qe7+
Kh6 27. Qxf6 Re2 28. a3 Re4 29. g5+ Kh5 30. Qf3+ Kxg5 31. Rg1+ Kh6 32. Qxe4 b6
33. Qe5 a4 34. Rg4 g5 35. Qxg5# 1-0

[Event "FIDE TURNIR 2014"]
[Site "Ljubljana"]
[Date "2014.04.16"]
[Round "3.18"]
[White "Jereb, Lana"]
[Black "Zupanic Leksan, Uros"]
[Result "1-0"]
[WhiteElo "1506"]
[BlackElo "1550"]
[PlyCount "85"]
[EventDate "2014.04.16"]

1. e4 e5 2. Nf3 Nc6 3. Bc4 Nf6 4. d3 Bc5 5. c3 O-O 6. Bb3 d6 7. Nbd2 h6 8. Nf1
Ng4 9. d4 exd4 10. cxd4 Bb4+ 11. Bd2 Bxd2+ 12. Qxd2 Qe7 13. Ng3 Be6 14. Bxe6
Qxe6 15. d5 Qd7 16. dxc6 Qxc6 17. O-O Nf6 18. e5 dxe5 19. Nxe5 Qe6 20. Rfe1
Rad8 21. Qc3 Rd5 22. Ng6 Qc8 23. Nxf8 Qxf8 24. Qxc7 Rc5 25. Qxb7 Ng4 26. Qb4
Ne5 27. Qa4 Nd3 28. Re8 Rc1+ 29. Rxc1 Nxc1 30. Rxf8+ Kxf8 31. Qxa7 h5 32. Qc5+
Kg8 33. Qxc1 h4 34. Nf5 g6 35. Nxh4 g5 36. Qxg5+ Kf8 37. Ng6+ fxg6 38. Qxg6 Ke7
39. h4 Kd8 40. h5 Kc8 41. Qg7 Kb8 42. h6 Ka8 43. h7 1-0

[Event "FIDE TURNIR 2014"]
[Site "Ljubljana"]
[Date "2014.04.22"]
[Round "3.19"]
[White "Unuk, Jan"]
[Black "More, Erlend"]
[Result "0-1"]
[WhiteElo "1570"]
[BlackElo "1693"]
[PlyCount "52"]
[EventDate "2014.04.16"]

1. d4 Nf6 2. c4 e5 3. dxe5 Ng4 4. e3 Nxe5 5. Nh3 Bb4+ 6. Bd2 Qe7 7. Nf4 c6 8.
a3 Bxd2+ 9. Nxd2 O-O 10. Nd3 f5 11. Qb3 d6 12. Be2 Nxd3+ 13. Qxd3 Nd7 14. b4
Ne5 15. Qc3 f4 16. O-O f3 17. Nxf3 Nxf3+ 18. Bxf3 Qg5 19. Kh1 Rf6 20. Qd4 Be6
21. Qd3 Raf8 22. Qe2 Qh4 23. Rac1 Rh6 24. h3 Bxh3 25. Rfd1 Bg4+ 26. Kg1 Qh1#
0-1

[Event "FIDE TURNIR 2014"]
[Site "Ljubljana"]
[Date "2014.04.16"]
[Round "3.20"]
[White "Novak, Anze"]
[Black "Kmetic, Andrej"]
[Result "0-1"]
[WhiteElo "1677"]
[BlackElo "1397"]
[PlyCount "66"]
[EventDate "2014.04.16"]

1. d4 d5 2. c4 e6 3. Nc3 Nf6 4. Nf3 Nbd7 5. e3 c6 6. Bd3 Bd6 7. O-O O-O 8. h3
Re8 9. Qc2 dxc4 10. Bxc4 e5 11. Ng5 Re7 12. Bd3 Nf8 13. Nce4 Nxe4 14. Bxe4 Ng6
15. Bf5 Qe8 16. Bxc8 Rxc8 17. Ne4 Bb8 18. Ng3 exd4 19. exd4 Bxg3 20. fxg3 Re2
21. Qf5 Rd8 22. h4 Rd5 23. Qf3 Re1 24. h5 Rxf1+ 25. Kxf1 Ne7 26. Qe4 Rxh5 27.
Kg1 Rd5 28. Bd2 Qd7 29. Qf4 Ng6 30. Qb8+ Nf8 31. Bb4 Qd8 32. Qxb7 Rh5 33. Qe7
Qxd4+ 0-1

[Event "FIDE TURNIR 2014"]
[Site "Ljubljana"]
[Date "2014.04.16"]
[Round "3.21"]
[White "Paternoster, Janez"]
[Black "Jovanovski, Vangel"]
[Result "0-1"]
[WhiteElo "1575"]
[BlackElo "1668"]
[PlyCount "126"]
[EventDate "2014.04.16"]

1. d4 Nf6 2. c4 e6 3. Nc3 Bb4 4. Nf3 O-O 5. Bd2 Bxc3 6. Bxc3 d5 7. e3 b6 8. Bd3
Bb7 9. O-O Nbd7 10. Re1 Rc8 11. Bb4 Re8 12. h3 c5 13. Ba3 cxd4 14. exd4 dxc4
15. Be2 b5 16. Qd2 Nd5 17. Bb4 N7f6 18. Bd1 a6 19. Ba5 Qd6 20. a3 Nd7 21. Bc2
Nf4 22. Qe3 Nf6 23. Bd2 N4d5 24. Qe2 c3 25. bxc3 Nxc3 26. Qd3 Be4 27. Qe3 Ncd5
28. Qg5 Rxc2 29. Ne5 Bg6 30. Nf3 Ne4 31. Qg4 Nxd2 32. Ne5 Nc4 33. Nxg6 hxg6 34.
Qe4 Rd2 35. a4 b4 36. Rac1 Nc3 37. Qb7 Qxd4 38. Qc6 Rd8 39. Qb7 Ne2+ 40. Rxe2
Rxe2 41. Rb1 Qxf2+ 42. Kh1 Qxg2+ 43. Qxg2 Rxg2 44. Kxg2 a5 45. Rc1 Rd4 46. Kf3
b3 47. Ke2 b2 48. Rb1 Rd2+ 49. Ke1 Rh2 50. Kd1 Rh1+ 51. Kc2 Na3+ 52. Kxb2 Rxb1+
53. Kc3 Rb4 54. Kd3 Nb5 55. axb5 Rxb5 56. Kc4 Rb8 57. Kc3 a4 58. Kd3 a3 59. Ke4
a2 60. Kf3 a1=Q 61. Ke3 Qa3+ 62. Kd2 Rb2+ 63. Kc1 Qa1# 0-1

[Event "FIDE TURNIR 2014"]
[Site "Ljubljana"]
[Date "2014.04.22"]
[Round "3.22"]
[White "Trplan, Filip"]
[Black "Groselj, Kaja"]
[Result "1-0"]
[WhiteElo "1243"]
[BlackElo "1396"]
[PlyCount "45"]
[EventDate "2014.04.16"]

1. e4 d5 2. exd5 Qxd5 3. Nc3 Qa5 4. d4 Nf6 5. Nf3 c6 6. Bf4 Bf5 7. Bd3 Bg6 8.
O-O e6 9. Re1 Be7 10. Ne4 Nxe4 11. Bxe4 O-O 12. Bxg6 hxg6 13. Ne5 Rd8 14. Qg4
Rxd4 15. c3 Rd5 16. Nxg6 Bf6 17. Bh6 Rh5 18. Ne7+ Kf8 19. Ng6+ Ke8 20. Nf4 Rxh6
21. Nxe6 fxe6 22. Qxe6+ Kf8 23. Qe8# 1-0

[Event "FIDE TURNIR 2014"]
[Site "Ljubljana"]
[Date "2014.04.22"]
[Round "3.23"]
[White "Bajt, Ales"]
[Black "Zaloznik S., Gal"]
[Result "1-0"]
[WhiteElo "1292"]
[BlackElo "1500"]
[PlyCount "55"]
[EventDate "2014.04.16"]

1. e4 e5 2. Bc4 Nc6 3. Nf3 Bc5 4. O-O d6 5. c3 Bg4 6. d3 Qf6 7. Bg5 Qg6 8. Nbd2
f6 9. Be3 O-O-O 10. b4 Bxe3 11. fxe3 Bh3 12. Qe2 Nb8 13. Kh1 Bg4 14. h3 Qh6 15.
Qf2 Nd7 16. Nh2 Bh5 17. Be6 Re8 18. Ng4 Bxg4 19. Bxg4 g6 20. a4 Rf8 21. a5 f5
22. exf5 gxf5 23. Bxf5 Ne7 24. Bxd7+ Kxd7 25. Qe2 Rxf1+ 26. Rxf1 Rg8 27. Ne4
Qg6 28. Nf6+ 1-0

[Event "FIDE TURNIR 2014"]
[Site "Ljubljana"]
[Date "2014.04.22"]
[Round "3.25"]
[White "Mlakar, Matej"]
[Black "Mazzini, Katarina"]
[Result "1/2-1/2"]
[WhiteElo "1500"]
[BlackElo "1213"]
[PlyCount "46"]
[EventDate "2014.04.16"]

1. e4 c6 2. d4 d5 3. exd5 cxd5 4. Bd3 Nc6 5. c3 Nf6 6. Bf4 Qb6 7. Qc2 Bd7 8.
Nd2 Rc8 9. Qb1 e6 10. Ngf3 Be7 11. O-O h6 12. Re1 Nh5 13. Be3 O-O 14. Be2 Bd6
15. Ne5 Nf6 16. Nxd7 Nxd7 17. Nf3 Nf6 18. Ne5 Qc7 19. Nxc6 Qxc6 20. h3 Rfe8 21.
Qd3 Qb6 22. Qb5 Qxb5 23. Bxb5 Red8 1/2-1/2

[Event "FIDE TURNIR 2014"]
[Site "Ljubljana"]
[Date "2014.04.16"]
[Round "3.26"]
[White "Jelen, Anja"]
[Black "Drobnic, Simona"]
[Result "0-1"]
[WhiteElo "1550"]
[BlackElo "1412"]
[PlyCount "102"]
[EventDate "2014.04.16"]

1. e4 d6 2. d4 Nf6 3. Nc3 c6 4. Nf3 Nbd7 5. Bg5 e5 6. dxe5 dxe5 7. Nxe5 Nxe5 8.
Qxd8+ Kxd8 9. O-O-O+ Bd7 10. Be2 Be7 11. f4 Neg4 12. Rd2 Kc7 13. e5 Ng8 14.
Bxe7 Nxe7 15. Ne4 Nd5 16. g3 Rad8 17. Ng5 Nh6 18. Bh5 f6 19. exf6 Nxf6 20. Nf7
Nxf7 21. Bxf7 Ne4 22. Rd3 Nf2 23. Rhd1 Nxd1 24. Rxd1 Rhf8 25. Bc4 b5 26. Be2
Rfe8 27. Bh5 g6 28. Bf3 Re3 29. Bg2 Re2 30. Bf3 Rxh2 31. Be4 Rh3 32. Rg1 Bg4
33. Bd3 a5 34. b3 Kb6 35. a4 bxa4 36. bxa4 Kc5 37. Kb2 Rd4 38. Kc1 Bf5 39. Bxf5
gxf5 40. g4 Rxf4 41. gxf5 Rxf5 42. Kb2 h5 43. c3 h4 44. Kb3 Rg3 45. Rh1 h3 46.
Kb2 Rf2+ 47. Kb3 h2 48. Re1 Rg1 49. Rxg1 hxg1=Q 50. Ka3 Qc1+ 51. Kb3 Qb2# 0-1

[Event "FIDE TURNIR 2014"]
[Site "Ljubljana"]
[Date "2014.04.16"]
[Round "3.27"]
[White "Hvala, Inja Ajda"]
[Black "Ocepek, Jan"]
[Result "1/2-1/2"]
[WhiteElo "1519"]
[BlackElo "1342"]
[PlyCount "40"]
[EventDate "2014.04.16"]

1. e4 c5 2. Nf3 d6 3. Bc4 Nc6 4. O-O e6 5. Nc3 Nf6 6. d3 Be7 7. Be3 O-O 8. d4
cxd4 9. Nxd4 a6 10. a4 Bd7 11. b3 Re8 12. Re1 Rc8 13. Be2 h6 14. Bf3 Nxd4 15.
Qxd4 Qc7 16. Bd2 Qc5 17. Qxc5 Rxc5 18. b4 Rc7 19. Rec1 Rec8 20. Ra3 Kh8 1/2-1/2

[Event "FIDE TURNIR 2014"]
[Site "Ljubljana"]
[Date "2014.04.16"]
[Round "3.28"]
[White "Adamic, Nejc"]
[Black "Hvala, Arja Ela"]
[Result "0-1"]
[WhiteElo "1500"]
[BlackElo "1538"]
[PlyCount "62"]
[EventDate "2014.04.16"]

1. e4 e6 2. Nc3 Nf6 3. Nf3 Bc5 4. d3 O-O 5. Be2 Nc6 6. O-O h6 7. h3 d5 8. exd5
exd5 9. d4 Bd6 10. Be3 Be6 11. a3 a5 12. Qd3 Qd7 13. Rfe1 Bf5 14. Qd2 Rfe8 15.
Bb5 Ne4 16. Nxe4 Bxe4 17. Be2 Bxf3 18. Bxf3 b5 19. Bxd5 b4 20. Bxc6 Qxc6 21. a4
Qb7 22. b3 Re6 23. c4 Rg6 24. f3 c6 25. c5 Bg3 26. Red1 Qc7 27. Kf1 Bh4 28. d5
cxd5 29. Qxd5 Qh2 30. Qxa8+ Kh7 31. Qe4 Qxg2# 0-1

[Event "FIDE TURNIR 2014"]
[Site "Ljubljana"]
[Date "2014.04.23"]
[Round "4.1"]
[White "Tisaj, Domen"]
[Black "Urh, Zala"]
[Result "0-1"]
[WhiteElo "1588"]
[BlackElo "1570"]
[PlyCount "100"]
[EventDate "2014.04.23"]

1. Nf3 Nf6 2. c4 g6 3. d4 Bg7 4. Nc3 O-O 5. e4 d6 6. Be2 e5 7. Be3 Ng4 8. O-O
f5 9. h3 Nxe3 10. fxe3 Nc6 11. d5 Ne7 12. Bd3 fxe4 13. Nxe4 Nf5 14. Re1 Bh6 15.
Qd2 Bd7 16. c5 Be8 17. Bc2 Bf7 18. Rad1 Kh8 19. Qd3 Bg8 20. Nf2 Ng3 21. Qc3 Qe7
22. b4 a5 {(=)} 23. b5 dxc5 24. Qxe5+ Qxe5 25. Nxe5 Bg7 26. Nd7 Rf7 27. Nxc5
Bc3 28. Nxb7 Bxe1 29. Rxe1 Rb8 30. Nxa5 Rxb5 31. Nb3 Rxd5 32. e4 Re7 33. Ng4
Rd6 34. e5 Rc6 35. Bd1 Ra6 36. Kh2 Nf5 37. Re2 Bxb3 38. axb3 Rae6 39. Ne3 Nxe3
40. Rxe3 Rxe5 41. Rxe5 Rxe5 42. h4 Re3 43. g3 Rd3 44. Bg4 Rxb3 45. Kg2 c5 46.
Be6 Rb4 47. Kf2 Kg7 48. Ke3 Kf6 49. Bg8 h6 50. Kd3 Rg4 0-1

[Event "FIDE TURNIR 2014"]
[Site "Ljubljana"]
[Date "2014.05.06"]
[Round "4.2"]
[White "Unuk, Robert"]
[Black "Drobnic, Rok"]
[Result "1-0"]
[WhiteElo "1499"]
[BlackElo "1196"]
[PlyCount "35"]
[EventDate "2014.04.23"]

1. d4 Nf6 2. c4 e6 3. Nf3 d5 4. Nc3 Be7 5. Bf4 O-O 6. e3 Nbd7 7. Bd3 dxc4 8.
Bxc4 Nb6 9. Bd3 Bd7 10. O-O c6 11. Qc2 h6 12. Qe2 Re8 13. Ne5 Bd6 14. Nxf7 Kxf7
15. Bxd6 g5 16. Qf3 Nc8 17. Ne4 Kg7 18. Nxf6 1-0

[Event "FIDE TURNIR 2014"]
[Site "Ljubljana"]
[Date "2014.04.23"]
[Round "4.3"]
[White "Unuk, Laura"]
[Black "Markosek, Maj"]
[Result "1-0"]
[WhiteElo "2046"]
[BlackElo "1702"]
[PlyCount "49"]
[EventDate "2014.04.23"]

1. Nf3 Nf6 2. c4 e6 3. g3 b6 4. Bg2 Bb7 5. O-O Be7 6. d4 O-O 7. Nc3 Ne4 8. Qc2
Nxc3 9. Qxc3 f5 10. d5 Bf6 11. Qc2 Qc8 12. Rd1 a5 13. Nd4 Bxd4 14. Rxd4 e5 15.
Rh4 h6 16. Bh3 e4 17. Rf4 g6 18. f3 exf3 19. Rxf3 Kh7 20. Qd2 g5 21. Bxf5+ Kg7
22. Qd4+ Kg8 23. Bd2 c5 24. Bh7+ Kxh7 25. Qe4+ 1-0

[Event "FIDE TURNIR 2014"]
[Site "Ljubljana"]
[Date "2014.04.23"]
[Round "4.4"]
[White "Drobnic, Milan"]
[Black "Mlacnik, Janez"]
[Result "1-0"]
[WhiteElo "1816"]
[BlackElo "1866"]
[PlyCount "85"]
[EventDate "2014.04.23"]

1. c4 f5 2. g3 Nf6 3. Bg2 g6 4. Nf3 Bg7 5. O-O O-O 6. Nc3 d6 7. d3 Nc6 8. Rb1
Kh8 9. b4 e5 10. b5 Ne7 11. Qc2 c6 12. a4 Be6 13. Ba3 Qc7 14. Rfc1 c5 15. Ng5
Bg8 16. a5 h6 17. Nh3 g5 18. Kf1 Ng4 19. a6 Rab8 20. axb7 Rxb7 21. Bxb7 Qxb7
22. Kg1 Nf6 23. f3 g4 24. fxg4 Nxg4 25. e4 f4 26. Nd5 Nxd5 27. cxd5 Qd7 28. Nf2
Ne3 29. Qe2 Qf7 30. Ng4 Qh5 31. h3 Qxh3 32. Nxe3 fxe3 33. Qxe3 Bf6 34. Rf1 Bg5
35. Qe2 Qxg3+ 36. Qg2 Be3+ 37. Kh1 Qh4+ 38. Qh2 Rxf1+ 39. Rxf1 Qg4 40. Bc1 Bxc1
41. Rxc1 Qf3+ 42. Qg2 Qxd3 43. Ra1 1-0